000
00301nam a22001337a 4500
008
170201b xxu||||| |||| 00| 0 eng d
020
_a
9781420089028
041
_a
eng
080
_2
2ND
_a
61
100
_a
3
101
_a
SHM
245
_a
FORENSIC SCIENCE/ THE BEASICS
_c
SIEGEL, J.A
942
_2
udc
_c
BK
999
_c
4203
_d
4203